000 00656nam a22001937a 4500
005 20241211153849.0
010 _aDEC24SC ENG-142977
020 _a9789358705249
_c699.00
035 _aEN-126509
037 _bDBAD
082 _a546
_21
245 _a104 NTA Papers of JEE Main Chemistry/
_cBy S Chand
250 _a1
260 _aNew Delhi
_bS Chand and Company Limited
_c2024
270 _a A-27, 2nd Floor, Mohan Co-operative Industrial Estate
_bNew Delhi
_e110044
_minfo@schandpublishing.com
_k011-49731800
300 _a666p.
_c26cm(pb)
500 _aChapter-wise Previous Years’ Solved Papers
942 _2ddc
_cEN
_h546
_mJEE
_e1
999 _c207601
_d207601